| 000 | 01247nam0a2200313 4500 | ||
|---|---|---|---|
| 001 | RU\NLR\bibl\155736 | ||
| 005 | 20250618052205.0 | ||
| 021 |
_aRU _b2001-6269 _9299 |
||
| 035 | _a(NLR Aleph) 000152724 | ||
| 090 |
_a876850 _c876850 |
||
| 100 | _a20010516d2000 |||y0rusy50 ca | ||
| 101 | 0 |
_arus _abua |
|
| 102 | _aRU | ||
| 105 | _ay ||||||||| | ||
| 200 | 1 |
_aПроблемы этноэкологического воспитания школьников _fТ.Д. Замбалова |
|
| 210 |
_aУлан-Удэ _cБуряад унэн _d2000 |
||
| 215 |
_a151 с. _d20 |
||
| 300 | _aТекст на рус. и бурят. яз. | ||
| 320 | _aБиблиогр.: с. 147-150 (67 назв.) и в тексте | ||
| 606 | 1 |
_aШкольники _xЭкологическое воспитание _yБурятия, Республика _92498035 _3RU\NLR\AUTH\661481779 |
|
| 606 | 0 |
_aЭкологическое воспитание в школе _yБурятия, Республика _92206491 _3RU\NLR\auth\661325654 |
|
| 686 | 1 | _aЧ421.352.27 | |
| 700 | 1 |
_aЗамбалова _bТ. Д. _gТатьяна Д _4070 |
|
| 801 | 0 |
_aRU _bNLR _c20010516 _gPSBO |
|
| 801 | 1 |
_aRU _bNLR _c20010516 |
|
| 942 | _cBOOK | ||
| 980 | _aNB | ||